Statistics for Manchester United Top 20 Scorers

Click here to take the quiz!

General Stats

  • This quiz has been taken 1,199 times
  • The average score is 9 of 20

Answer Stats

RankAnswerGoals% Correct
3Wayne Rooney214
98%
7Ryan Giggs168
87%
14Cristiano Ronaldo142
86%
1Sir Bobby Charlton249
82%
10Paul Scholes155
81%
18Andy Cole121
72%
George Best179
69%
11Ruud van Nistelrooy150
65%
2Denis Law237
60%
17Ole Gunnar Solskjær126
45%
9Mark Hughes163
41%
16Brian McClair127
18%
5Dennis Viollet179
17%
4Jack Rowley211
10%
Joe Spence168
9%
15Tommy Taylor131
8%
13David Herd145
6%
12Stan Pearson148
5%
20George Wall100
2%
19Sandy Turnbull101
2%

Score Distribution

Percentile by Number Answered

Percent of People with Each Score

Your Score History

You have not taken this quiz